00952nam a2200277Ia 4500001001000000003000500010008004100015010001100056040000900067082001700076100003100093245009400124260004100218300001100259650003600270650002900306700004900335901001700384902000600401905006300407910000900470942000900479942001200488999001900500952015500519Para_2246CHAP220125s1987 xx 000 0 und d a200829 cCHAP aPA 634.96 S5 aSinclair, Wayne A.9106554 aDiseases of tress and shrubs /c by Wayne A. Sinclair, Howard H. Lyon, Warren T. Johnson aIthaca, N.Y. :b Cornell University a575 p. aArboles x enfermedades 982436 aControl de plagas927595 aLyon, Howard H. / Johnson, Warren T.9165680 aPA 634.96 S5 aA a0000001987 a 0000000000 00 a1987 cPARA cPARAd1 c200829d200829 00102ddc4051708GRALaPAbPAd2005-10-27i(PA_7955) (No. UACh 16457)l0oPA 634.96 S5p4102003556r2022-01-25 00:00:00tEj.1w2022-01-25yLIBROz3